| 000 | 00442nam a2200133Ia 4500 | ||
|---|---|---|---|
| 008 | 260210s9999 xx 000 0 und d | ||
| 024 | _a15B-095-BS, 15B-089-BS & 15B-073-BS | ||
| 082 | _a004.347072 MUH | ||
| 100 | _aMuhammad Ahmed Jamil, Mohaddis Hassan & Hafiz Abdul Rafay | ||
| 245 | 0 | _aLabor on Demand Version 2.0 | |
| 260 |
_aKarachi: _bUITU, _c2015 |
||
| 600 | _aComputer Science | ||
| 650 | _aBachelor of Computer Science (BS) | ||
| 999 |
_c32322 _d32322 |
||